| 000 | 01118nam a2200217 a 4500 | ||
|---|---|---|---|
| 001 | 44804 | ||
| 003 | BD-RjUL | ||
| 005 | 20250310135702.0 | ||
| 008 | 160720s19941993bg ||||| |||| 00| 0 ben d | ||
| 035 | _a(BD-RjUL)44922 | ||
| 040 |
_aBD-RjUL _bben _cBD-RjUL |
||
| 041 | _aben | ||
| 082 |
_223 _a297.12 _bQUR 1994 |
||
| 245 | 1 | 0 |
_aকুরআন মজীদ : _bকুরআন ও সুন্নাহ ভিত্তিক ব্যাখ্যা, বাংলা উচ্চারণ, শব্দার্থ ও ভাবার্থ সম্বলিত (আম্মাপারার) তফসীর / _cঅনুবাদ ও ব্যাখ্যা মুহাম্মদ আবদুন্ নূর সালাফী |
| 260 |
_aরংপুর : _bসালাফী প্রকাশনী, _c১৯৯৩ [১৯৯৪] |
||
| 300 |
_a২৮৩ পৃ. ; _c২৩ সেমি. |
||
| 650 |
_aকুরআন ও হাদীস _9137340 |
||
| 650 |
_aKoran and Hadith _9124949 |
||
| 700 |
_aসালাফী, মুহাম্মদ আবদুন্ নূর _915170 |
||
| 942 |
_2ddc _cBK |
||
| 999 |
_c44804 _d44804 |
||